| 000 | 01310nam a22002657a 4500 | ||
|---|---|---|---|
| 005 | 20100928110826.0 | ||
| 008 | 100928t xxu||||| |||| 00| 0 mar d | ||
| 010 | _aMAR-20330 | ||
| 020 |
_c95.00 _a9788184152401 |
||
| 035 | _aMR-12988 | ||
| 037 | _bDBAD / PUB | ||
| 040 |
_aDPL _bMR |
||
| 082 | _a158.1 | ||
| 100 |
_922134 _aसरश्री |
||
| 245 |
_aपृथ्वी प्रतिसाद : _cसरश्री _bसंपूर्ण व्यवहारकुशलतेचं लक्ष्य/ |
||
| 246 |
_aPrithvi Pratisaad : Sampurna Vayahakushalteche Lakshya _bby Sirshree |
||
| 260 |
_bतेज ज्ञान फाऊंडेशन _c2010 _aपुणे |
||
| 270 |
_aपर्वती पार्क सोसायटी,रो हाऊस नं. 10, सिंहगड रोड पानमळा _bपुणे _e411009 |
||
| 300 |
_a143पृ _c21सेमी (अजिल्द) |
||
| 650 |
_922255 _aव्यक्तित्व विकास |
||
| 650 |
_922256 _aPersonality Development |
||
| 700 | _922381 | ||
| 942 |
_2ddc _cMR _h158.1 _mसरश्री |
||
| 999 |
_c48073 _d48073 |
||